000 00981nam a22002651 4500
005 20090601134342.0
008 721219s1962 nyu 000 0 eng
010 _aENG-93793
020 _a9788131305041
_c895.00
035 _aEN-77326
037 _bDBAD / PUB
040 _adpl
_bEnglish
082 _a574.87
245 _aCell and molecular biology /
_cedited by B.N. Pandey...[et al]
260 _aNew Delhi
_bAPH Publishing Corporation
_c2009
270 _a4435-36/7, Ansari Road, Daryaganj,
_bNew Delhi
_e110002
300 _axviii, 222 p.
_c23cm(Hb)
500 _aIncludes references and index
650 _aCytology
650 _aMolecular biology
700 _aPandey, B.N.
942 _cEN
_mCEL
_2ddc
_h574.87
999 _c27088
_d27088